000 01277nas a2200337 4500
001 BR8000334
003 BR-BrBNA
005 20231205084109.0
007 ta
008 230509b bl.|||p| |||| 00| 00por d
040 _aBR-BrBNA
_bpor
_cBiblioteca Nacional de Agricultura
041 _a(Pt)
072 _aE70; E15
100 1 _aCampos, H. de
100 1 _aLavorenti, N.A.
100 1 _aCruz Filho, D.J.
100 1 _aMorgado, I.F.
110 1 _aPrograma Nacional de Melhoramento da Cana-de-Acucar, Piracicaba, SP (Brasil). Coordenadoria Geral
_98029
245 1 _aEstruturacao de uma amostra de fornecedores de cana-de-acucar as usinas do Rio de Janeiro e do Espirito Santo [Saccharum spp; Brasil]
246 1 _a[Building up a sample of sugarcane growers which supply the sugar mills in the states of Rio de Janeiro and Espirito Santo [Saccharum spp; Brazil]]
650 _aComercializacao
650 _aMicroeconomia
650 _aCana de acucar
650 _aUsina acucareira
650 _aAbastecimento
650 _aRio de Janeiro
650 _aEspirito Santo
773 0 _tBoletim Tecnico PLANALSUCAR. Serie B (Brazil)
_xISSN 0100-3208
_g(Aug 1979), v. 1(2) p. 1-19
_wBR8000334
909 _a202311
_bLúcia
_c55
_dLúcia Elande
942 _2AGRIS
_n0
_cANA
999 _c103126
_d103126